Cold War Conflicts - Sudden Death - Statistics

General Stats
  • This quiz has been taken 377 times
  • The average score is 9 of 12
Answers on the Grid
Answers color-coded by a green-red scale on the quiz's grid according to % correct below.
Battle of El Alamein
Six-Day War
Battle of the Bulge
Cambodian–Vietnamese War
Battle of Stalingrad
Bay of Pigs Invasion
Sino-Soviet Border Conflict
Battle of Gettysburg
Vietnam War
Bangladesh Liberation War
Battle of Lake Tanganyika
Mozambique Civil War
Korean War
Battle of Trafalgar
Angolan Civil War
Battle of Lepanto
Yom Kippur War
Battle of Zama
Afghan-Soviet War
Invasion of Panama
 
Answer Stats
Answer % Correct
Vietnam War
94%
Bay of Pigs Invasion
90%
Afghan-Soviet War
89%
Cambodian–Vietnamese War
87%
Korean War
87%
Sino-Soviet Border Conflict
77%
Angolan Civil War
74%
Mozambique Civil War
73%
Six-Day War
72%
Invasion of Panama
68%
Bangladesh Liberation War
65%
Yom Kippur War
64%
No matching quizzes found
Score Distribution
Percent of People with Each Score
Percentile by Number Answered
Your Score History
You have not taken this quiz